000 00322 a2200145 4500
001 150972
040 _cEscola São Tomás de Aquino
240 1 0 _aO fantasma da segundona
_lpor
245 1 0 _aO fantasma da segundona
300 _a83
362 0 _a2014
440 1 _aFTD
697 _a*LITERATURA JUVENIL
942 _cBK
999 _c150972
_d150972